|
|
|
|
| LEADER |
00000nam0a2200000 4500 |
| 001 |
672727 |
| 005 |
20240927143000.0 |
| 010 |
|
|
|a 5-300-01907-0
|
| 090 |
|
|
|a 672727
|
| 100 |
|
|
|a 20240527d1998 m||y0rusy50 ca
|
| 101 |
1 |
|
|a rus
|c eng
|
| 102 |
|
|
|a RU
|
| 105 |
|
|
|a y z 000ay
|
| 181 |
|
0 |
|a i
|b e
|
| 182 |
|
0 |
|a n
|
| 183 |
|
0 |
|a nc
|2 RDAcarrier
|
| 200 |
1 |
|
|a Обретение любви
|a Пейзаж с бурей и двумя влюбленными
|e романы
|f Доротея Уэбстер
|g пер. с англ. В. Михайлова
|
| 203 |
|
|
|a Текст
|b визуальный
|c непосредственный
|
| 210 |
|
|
|a Москва
|c Терра-Книжный клуб
|d 1998
|
| 215 |
|
|
|a 316 с.
|
| 225 |
1 |
|
|a Азбука любви
|
| 283 |
|
|
|a volume
|2 RDAcarrier
|
| 330 |
|
|
|a Романы американской писательницы Доротеи Уэбстер рассказывают о любви. "Обретение любви" — о чувстве, вспыхнувшем внезапно, и обретенном в конце концов счастье. "Пейзаж с бурей и двумя влюбленными" — о юной преподавательнице колледжа, решившей поработать на каникулах горничной в замке.
|
| 606 |
1 |
|
|a Американская литература (англо-язычная литература)
|9 52349
|
| 610 |
1 |
|
|a художественная литература
|
| 610 |
1 |
|
|a романы
|
| 610 |
1 |
|
|a любовь
|
| 675 |
|
|
|a 82
|v 4
|
| 700 |
|
1 |
|a Уэбстер
|b Д.
|g Доротея
|
| 702 |
|
1 |
|4 730
|a Михайлов
|b В.
|
| 801 |
|
0 |
|a RU
|b 63413507
|c 20240527
|
| 942 |
|
|
|c BK
|